000
00330nam a22001457a 4500
003
SGT
020
_a
978-93-325-8686-4
082
_a
579
_b
MAD
100
_a
MADIGAN, MICHAEL T.
245
_a
BROCK BIOLOGY OF MICROORGANISMS
260
_a
INDIA
_b
PEARSON PUB.
_c
2017
300
_a
1207
650
_a
BIOLOGY
942
_2
ddc
_c
BK
999
_c
32418
_d
32418